| 000 | 00926nam a22003017a 4500 | ||
|---|---|---|---|
| 001 | 5081 | ||
| 003 | FISKH | ||
| 005 | 20250815103607.0 | ||
| 008 | 241105b cb ||||| |||| 00| 0 eng d | ||
| 020 | _a9780688122751 | ||
| 040 |
_aFISKH _beng _cFISKH _dFISKH |
||
| 050 | _aTX769.M664 | ||
| 082 | _a641.815 | ||
| 100 |
_aMorris, Ann _d(1930–) |
||
| 245 |
_aBread bread bread / _cAnn Morris ; Photographs by Ken Heyman |
||
| 250 | _aFirst paperback edition in 1993 | ||
| 260 |
_aNew York : _bHarperCollins, _c1993. |
||
| 300 |
_a28 pages : _bColor illustrations ; _c21 cm |
||
| 505 | _aE | ||
| 520 | _aCelebrates the many different kinds of bread and how it may be enjoyed all over the world. | ||
| 521 | 8 |
_a280L
_bLexile |
|
| 521 | 8 |
_aE
_bRaz-plus |
|
| 650 |
_2Non-fiction _aInformational _vDiversity |
||
| 650 |
_2Food _aWorld |
||
| 700 |
_aHeyman, Ken _dIllustrator |
||
| 942 |
_2ddc _cBK _n0 |
||
| 999 |
_c5081 _d5081 |
||